University Home | Library Home | Institutional Repository

Reapportionment : (Record no. 184822)

MARC details
000 -LEADER
fixed length control field 00984cam8a220022900 4500
001 - CONTROL NUMBER
control field qce00869777
005 - DATE AND TIME OF LATEST TRANSACTION
control field 20190830103727.0
008 - FIXED-LENGTH DATA ELEMENTS--GENERAL INFORMATION
fixed length control field 740128s1970 nyu 000 0 eng u
035 ## - SYSTEM CONTROL NUMBER
System control number (Sirsi) r111259
035 ## - SYSTEM CONTROL NUMBER
System control number (QCAT)lss00518337
035 ## - SYSTEM CONTROL NUMBER
System control number (UPRA)qce00869777
040 ## - CATALOGING SOURCE
Modifying agency UPRA
100 1# - MAIN ENTRY--PERSONAL NAME
Personal name McKay, Robert B.
Linkage A40846.1
245 10 - TITLE STATEMENT
Title Reapportionment :
Remainder of title the law and politics of equal representation /
Statement of responsibility, etc. by Robert B. McKay.
260 ## - PUBLICATION, DISTRIBUTION, ETC.
Place of publication, distribution, etc. [New York] :
Name of publisher, distributor, etc. Simon & Schuster,
Date of publication, distribution, etc. [1970,c1965]
490 0# - SERIES STATEMENT
Series statement A Clarion book
Linkage S891.2
504 ## - BIBLIOGRAPHY, ETC. NOTE
Bibliography, etc. note Bibliography: p. [477]-485.
650 #0 - SUBJECT ADDED ENTRY--TOPICAL TERM
Topical term or geographic name entry element Apportionment (Election law) -- United States.
Geographic subdivision Apportionment (Election law) -- United States.
Linkage S53803.1
650 #0 - SUBJECT ADDED ENTRY--TOPICAL TERM
Topical term or geographic name entry element Apportionment (Election law) -- United States -- States.
Geographic subdivision Apportionment (Election law) -- United States -- States.
General subdivision Apportionment (Election law) -- United States -- States.
Linkage S53802.1
949 ## - LOCAL PROCESSING INFORMATION (OCLC)
a KB24
w lcc
i 33729001791420
m MAIN
p 2500
t BOOK
l ON-SHELF

No items available.

© 2026 - The University of Zambia Library - Koha v25.11